Quiz sur la carte du Moyen-Orient - Statistiques

Statistiques générales
  • Ce quiz a été pris 286 fois
  • Le résultat moyen est 15 sur 17
Réponses sur la Carte
Les réponses sont colorées sur une échelle allant du rouge au vert en fonction du pourcentage des utilisateurs qui les ont devinées à leur premier essai. Vous pouvez retrouver ces pourcentages ci-dessous.
 
Statistiques - réponses
Réponse % Correct
Égypte
99%
Arabie Saoudite
97%
Chypre
97%
Turquie
97%
Irak
93%
Émirats arabes unis
92%
Oman
92%
Yémen
91%
Iran
90%
Syrie
90%
Koweït
89%
Palestine
89%
Israël
88%
Bahreïn
87%
Qatar
87%
Jordanie
83%
Liban
83%
Aucun quiz correspondant
Distribution des résultats
% des personnes avec chaque résultat
Percentile par nombre de réponses
Votre historique - résultats
Vous n’avez pas pris ce quiz